00423nam a2200145Ia 4500008004100000020001500041041001200056082001600068100001200084245010300096260003700199300000800236650002100244700001200265221030s9999 xx 000 0 und d a8125906827 aEnglish a105.23bLeo aA. Leon 0aFundamentals of Computer Science & Communication Engineering ( DEPARTMENTAL )cby A. Leon, M. Leon bVikas Pub HouseaNew Delhic1998 a333 aCSE Departmental aM. Leon